000 00369nam a2200145Ia 4500
008 230917s9999||||xx |||||||||||||| ||und||
040 _e214504
_aMAIN
041 _aEnglish
082 _a660.602458 F262P
100 _aFasella, Paolo
245 0 _aPlant biotechnology
260 _aNew Delhi
_bScientific International
_c2014
300 _axxiv, 499 p.
942 _cBK
999 _c166300
_d166300